| 000 | 00561 a2200205 4500 | ||
|---|---|---|---|
| 005 | 20260217104430.0 | ||
| 008 | 260217b |||||||| |||| 00| 0 eng d | ||
| 020 |
_a9788119925681 _cRs. 1895.00 |
||
| 040 | _aMAIN | ||
| 082 |
_a330.072 _bB469R |
||
| 100 | _aBhinchar, Randheer Singh | ||
| 245 | _aResearch methodology in economics | ||
| 260 |
_bWisdom Press _c2026 _aNew Delhi |
||
| 300 | _ax, 260 | ||
| 650 | _aEconomics-Research | ||
| 650 | _aEconometrics | ||
| 650 | _aSocial Science-Reserarch-Methodology | ||
| 700 | _aGirdhar, Neha | ||
| 942 | _cBK | ||
| 999 |
_c395928 _d395928 |
||